Cristianos sin iglesia: la conciencia religiosa y el vínculo confesional en el siglo XVII
Saved in:
| Hovedforfatter: | |
|---|---|
| Format: | Bog |
| Sprog: | spansk |
| Udgivet: |
Madrid
Taurus
1982
|
| Serier: | Ensayistas, 220
|
| Fag: | |
| Tags: |
Tilføj Tag
Ingen Tags, Vær først til at tagge denne postø!
|
MARC
| LEADER | 00000nam a2200000 a 4500 | ||
|---|---|---|---|
| 001 | UCW8349 | ||
| 003 | CL-VaPUC | ||
| 008 | 880809e19820000SP |||||||||||||||||spa|d | ||
| 082 | 0 | 4 | |a 270.6 |b KOL |2 21 |
| 100 | |a Kolakowski, Leszek |e author |9 465588 | ||
| 245 | 1 | 0 | |a Cristianos sin iglesia: la conciencia religiosa y el vínculo confesional en el siglo XVII |
| 300 | |a 561 p | ||
| 942 | |c BK | ||
| 945 | |d 19880809 00:00:00 | ||
| 260 | |a Madrid |b Taurus |c 1982 | ||
| 650 | 0 | |a Iglesia |9 255004 | |
| 650 | 0 | |a Historia |y Siglo 17 |9 255532 | |
| 650 | 7 | |a PENSAMIENTO RELIGIOSO SIGLO 17 |2 CL-VaPUC |9 313486 | |
| 583 | |a last modification |c 19880809 00:00:00 |k Rodrigo Vera | ||
| 490 | 0 | |a Ensayistas, 220 | |
| 999 | |c 220742 |d 220740 | ||
| 952 | |0 0 |1 0 |4 0 |6 270_600000000000000_KOL_1982 |7 0 |8 A |9 213315 |a BIBHIS |b BIBHIS |d 2019-11-15 |i 281692K |o 270.6 KOL 1982 |p 281692K |r 2025-01-20 |w 2019-11-15 |y BK |k HIS | ||